Statystyki dla Wszystkie postacie - LOL

Kliknij tutaj aby rozwiązać quiz!

Ogólne statystyki

  • Ten quiz został rozwiązany 2 812 razy
  • Średni wynik to 101 z 155

Statystyki odpowiedzi

Odpowiedź% Poprawnych
Yasuo
89%
Aatrox
88%
Akali
85%
Yone
84%
Ahri
83%
Darius
83%
Garen
83%
Lux
83%
Vi
83%
Annie
82%
Brand
81%
Ashe
80%
Zed
79%
Amumu
78%
Jinx
78%
Warwick
77%
Alistar
76%
Anivia
76%
Blitzcrank
76%
Katarina
76%
Teemo
76%
Caitlyn
75%
Ezreal
75%
Master Yi
75%
Miss Fortune
75%
Bard
74%
Morgana
74%
Braum
73%
Azir
72%
Jhin
71%
Lee Sin
71%
Lucian
71%
Lulu
71%
Aurelion sol
70%
Draven
70%
Kai'Sa
70%
Aphelios
69%
Irelia
69%
Leona
69%
Nasus
69%
Samira
69%
Sylas
69%
Tristana
69%
Ekko
68%
Kha'Zix
68%
Mordekaiser
68%
Senna
68%
Soraka
68%
Volibear
68%
Yuumi
68%
Fiora
67%
Gragas
67%
Kayn
67%
Pyke
67%
Renekton
67%
Viego
67%
Xayah
67%
Xerath
67%
Zac
67%
Cho'Gath
66%
Hecarim
66%
Malphite
66%
Nautilus
66%
Ornn
66%
Rakan
66%
Vayne
66%
Veigar
66%
Camille
65%
Gangplank
65%
Heimerdinger
65%
Kalista
65%
Rengar
65%
Corki
64%
Diana
64%
Dr Mundo
64%
Nami
64%
Thresh
64%
Ziggs
64%
Zyra
64%
Fizz
63%
Jax
63%
Lissandra
63%
Seraphine
63%
Sett
63%
Sion
63%
Urgot
63%
Viktor
63%
Xin Zhao
63%
Yorick
63%
Kassadin
62%
Galio
62%
Graves
62%
Janna
62%
Jarvan IV
62%
Jayce
62%
Kayle
62%
Olaf
62%
Syndra
62%
Twitch
62%
Varus
62%
Zilean
62%
Zoe
62%
Evelynn
61%
Gnar
61%
Illaoi
61%
Orianna
61%
Pantheon
61%
Rammus
61%
Taric
61%
Tryndamere
61%
Vel'Koz
61%
Elise
60%
Ivern
60%
Karthus
60%
Rek'Sai
60%
Sona
60%
Fiddlesticks
59%
Maokai
59%
Sejuani
59%
Singed
59%
Sivir
59%
Twisted Fate
59%
Udyr
59%
Cassiopeia
58%
Karma
58%
Poppy
58%
Shaco
58%
Swain
58%
Talon
58%
Kog'Maw
57%
Lillia
57%
Malzahar
57%
Nocturne
57%
Ryze
57%
Shen
57%
Gwen
56%
LeBlanc
56%
Nidalee
56%
Nunu i Willump
56%
Quinn
56%
Riven
56%
Vladimir
56%
Kennen
55%
Neeko
55%
Tahm Kench
55%
Trundle
55%
Qiyana
54%
Kled
54%
Rumble
54%
Shyvana
54%
Wukong
54%
Kindred
52%
Skarner
52%
Rell
51%
Taliyah
48%

Rozkład punktacji

Percentyl według liczby udzielonych odpowiedzi

Procent ludzi z każdym wynikiem

Twoja historia wyników

Nie rozwiązałeś tego quizu